NLSUI OPAC header image

Tribal development in India : (Record no. 26099)

MARC details
000 -LEADER
fixed length control field 02722cam a22003134a 4500
005 - DATE AND TIME OF LATEST TRANSACTION
control field 20260217113503.0
008 - FIXED-LENGTH DATA ELEMENTS--GENERAL INFORMATION
fixed length control field 060109s2006 ii ab b 001 0 eng
020 ## - INTERNATIONAL STANDARD BOOK NUMBER
International Standard Book Number 0761934227 ( hbk)
020 ## - INTERNATIONAL STANDARD BOOK NUMBER
International Standard Book Number 9780761934226
020 ## - INTERNATIONAL STANDARD BOOK NUMBER
International Standard Book Number 0761934235
020 ## - INTERNATIONAL STANDARD BOOK NUMBER
International Standard Book Number 9780761934233
082 00 - DEWEY DECIMAL CLASSIFICATION NUMBER
Classification number 306.0954 RAT
100 ## - MAIN ENTRY--PERSONAL NAME
Personal name Rath Govinda Chandra
245 00 - TITLE STATEMENT
Title Tribal development in India :
Remainder of title the contemporary debate /
Statement of responsibility, etc. edited by Govinda Chandra Rath : foreword by Jean Dreze.
260 ## - PUBLICATION, DISTRIBUTION, ETC.
Place of publication, distribution, etc. Thousand Oaks, Calif. :
Name of publisher, distributor, etc. Sage Publications,
Date of publication, distribution, etc. 2006.
300 ## - PHYSICAL DESCRIPTION
Extent 340 p. :
Other physical details ill., ;
Dimensions 23 cm.
504 ## - BIBLIOGRAPHY, ETC. NOTE
Bibliography, etc. note Includes bibliographical references and index.
505 ## - FORMATTED CONTENTS NOTE
Formatted contents note Contents :<br/>List of Tables and Figures<br/>Foreword by Jean Dreze<br/>Acknowledgements<br/>Introduction<br/>Govinda Chandra Rath<br/>I. Approaches to Tribal Development: A Re-examination<br/>1. Nehru and Elwin on Tribal Development: Contrasting Perspectives<br/>Govinda Chandra Rath<br/>2. Faulty Planning in a Tribal Region: The Dandakaranya Development Authority<br/>R.K. Barik<br/>3. Development-induced Displacement and Tribal Women<br/>Walter Fernandes<br/>II. Tribal Autonomy Movements and the Issues of Development<br/>4. Ethno-regionalism and Tribal Development: Problems and Challenges in Jharkhand<br/>Sajal Basu<br/>5. The Kamatpur Movement: Towards a Separate State in North Bengal<br/>I. Sarkar<br/>III. Struggles for Rights to Resources<br/> <br/>6. Land Alienation among Tribals in Uttar Pradesh<br/>Kripa Shankar<br/>7. Issues in Tribal Development: The Recent Experience of Kerala<br/>Jos Chathukulam and M. S. John<br/>8. From Landlessness to Ownership: The Tribal Struggle for Property Rights<br/>Arun Kumar<br/>9. Economic Decline of Tribals in Tamil Nadu: 1947-2000<br/>Velayutham Saravanan<br/>IV. Development and Social Opportunities<br/>10. The Tolchha Bhotias: Development and Transhumance<br/>Indu Sahai, Pallavi Kunwar and Shilpi Srivastava<br/>11. Primary Education in the Tribal Belt of Orissa<br/>P.K.Sahoo and B.C. Das<br/>12. Health-Disease-Poverty Nexus among Tribals in Orissa<br/>Motilal Mahamallik, Sunil Kumar Mishra and Minarva Dash<br/>13. Ethnography of Development among the Car Nicobarese<br/>Keya Pandey and Shashi Bhatia<br/>About the Editor and Contributors<br/>Index
650 #0 - SUBJECT ADDED ENTRY--TOPICAL TERM
Topical term or geographic name entry element Applied anthropology
Geographic subdivision India.
650 #0 - SUBJECT ADDED ENTRY--TOPICAL TERM
Topical term or geographic name entry element Indigenous peoples
Geographic subdivision India
General subdivision Government relations.
650 #0 - SUBJECT ADDED ENTRY--TOPICAL TERM
Topical term or geographic name entry element Indigenous peoples
Geographic subdivision Civil rights
-- India.
650 #0 - SUBJECT ADDED ENTRY--TOPICAL TERM
Topical term or geographic name entry element Indigenous peoples
Geographic subdivision India
General subdivision Social conditions.
650 #0 - SUBJECT ADDED ENTRY--TOPICAL TERM
Topical term or geographic name entry element Economic development
Geographic subdivision India.
650 #0 - SUBJECT ADDED ENTRY--TOPICAL TERM
Topical term or geographic name entry element Rural development
Geographic subdivision India.
700 1# - ADDED ENTRY--PERSONAL NAME
Personal name Rath, Govinda Chandra.
856 41 - ELECTRONIC LOCATION AND ACCESS
Materials specified Table of contents
Uniform Resource Identifier <a href="http://catdir.loc.gov/catdir/toc/ecip066/2006000657.html">http://catdir.loc.gov/catdir/toc/ecip066/2006000657.html</a>
856 42 - ELECTRONIC LOCATION AND ACCESS
Materials specified Publisher description
Uniform Resource Identifier <a href="http://www.loc.gov/catdir/enhancements/fy0659/2006000657-d.html">http://www.loc.gov/catdir/enhancements/fy0659/2006000657-d.html</a>
942 ## - ADDED ENTRY ELEMENTS (KOHA)
Source of classification or shelving scheme Dewey Decimal Classification
Koha item type BOOKs
Holdings
Withdrawn status Lost status Damaged status Not for loan Home library Current library Shelving location Date acquired Cost, normal purchase price Total Checkouts Full call number Barcode Date last seen Price effective from Koha item type
        . .   30.05.2017 750.00   306.0954 RAT 21603 30.05.2017 30.05.2017 BOOKs